WWE: Every Dolph Ziggler Championship Win/Accomplishment - Statistics

General Stats
  • This quiz has been taken 45 times
  • The average score is 14 of 21
Answer Stats
Championship Event Date Defeated % Correct
WWE Survivor Series Soul Survivor (with Team Cena) WWE Survivor Series 2014 23/11/2014 Team Authority
100%
WWE Raw Tag Team Championship (Dolph Ziggler & Robert Roode) WWE Clash Of Champions 2019 15/09/2019 Braun Strowman & Seth Rollins
97%
WWE Intercontinental Championship WWE Raw 18/06/2018 Seth Rollins
94%
WWE Intercontinental Championship WWE SummerSlam 2014 17/08/2014 The Miz
94%
WWE Intercontinental Championship WWE Raw 22/09/2014 The Miz
94%
WWE Intercontinental Championship WWE No Mercy 2016 09/10/2016 The Miz
94%
World Heavyweight Championship WWE Raw 08/04/2013 Alberto Del Rio
91%
WWE Intercontinental Championship WWE SmackDown 28/07/2010 Kofi Kingston
80%
WWE United States Championship WWE Capitol Punishment 2011 19/06/2011 Kofi Kingston
80%
WWE Money In The Bank Contract WWE Money in The Bank 2012 15/07/2012 Christian,Cody Rhodes, Damien Sandow, Santino Marella, Sin Cara, Tensai, & Tyson Kidd
77%
World Heavyweight Championship WWE SmackDown 08/02/2011 Championship Stripped Off: Edge
71%
WWE NXT Championship WWE NXT 2.0 08/03/2022 Bron Breakker &Tommaso Ciampa
69%
WWE Intercontinental Championship WWE TLC: Tables, Ladders & Chairs ... And Stairs 2014 14/12/2014 Luke Harper
69%
WWE United States Championship WWE Clash Of Champions 2017 17/12/2017 Baron Corbin &Bobby Roode
63%
World Tag Team Championship (as Nicky with The Spirit Squad) WWE Raw 03/04/2006 Kane & The Big Show
60%
SCX Championship (as Nic Nemeth) BLP At Squared Circle Expo II - The Squeakquel 29/03/2024 Matt Cadona
43%
WWE Raw Tag Team Championship (Dolph Ziggler & Drew McIntyre) WWE Raw 03/09/2018 The B-Team
31%
WWE SmackDown Tag Team Championship (Dolph Ziggler & Robert Roode as The Dirty Dawgs) WWE SmackDown 08/01/2021 The Street Profits
31%
IWGP Global Heavyweight Championship (as Nic Nemeth) NJPW The New Beginning In Sapporo 2024 - Day 1 23/02/2024 David Finlay
14%
FCW Florida Tag Team Championship (as Nic Nemeth & Brad Allen) FCW 22/03/2008 The Puerto Rican Nightmares
6%
FCW Florida Tag Team Championship (as Nic Nemeth & Shawn Spears) FCW 17/08/2008 The Puerto Rican Nightmares
6%
No matching quizzes found
Score Distribution
Percent of People with Each Score
Percentile by Number Answered
Your Score History
You have not taken this quiz